[Event "Marshall GM-A"]
[Site "New York"]
[Date "2025.05.25"]
[Round "7"]
[White "Putnam, Liam H"]
[Black "Tanenbaum, Zachary Chen"]
[Result "1-0"]
[WhiteElo "2443"]
[BlackElo "2354"]
[PlyCount "97"]
[EventDate "2025.05.22"]
[EventType "tourn"]
[EventRounds "9"]
[EventCountry "USA"]
[EventCategory "6"]
[SourceTitle "CB22_2025"]
[SourceDate "2025.05.28"]
[SourceVersion "1"]
[SourceVersionDate "2025.05.28"]
[SourceQuality "1"]

1. e4 e5 2. Nf3 Nc6 3. Bb5 a6 4. Ba4 Nf6 5. 0-0 Be7 6. Re1 b5 7. Bb3 d6 8. c3 0-0 9. h3 Nb8 10. d4 Nbd7 11. c4 c6 12. Nc3 Qc7 13. a3 Rb8 14. Qc2 c5 15. dxe5 Nxe5 16. Nxe5 dxe5 17. a4 b4 18. Nd5 Nxd5 19. cxd5 Rb6 20. Be3 Bd7 21. Rac1 Rc8 22. Qe2 a5 23. Rc2 Rg6 24. Kh2 Bd6 25. Rec1 Qb6 26. g4 Qd8 27. f3 h5 28. Qf2 Rf6 29. Bg5 hxg4 30. hxg4 Rxf3 31. Bxd8 Rxf2+ 32. Rxf2 Rxd8 33. g5 Rc8 34. Kg3 Rc7 35. Bc4 Be8 36. b3 Kf8 37. Rh1 Rb7 38. Rh8+ Ke7 39. Rg8 g6 40. Rf6 Rb8 41. Rg7 Kd7 42. Rfxg6 Bf8 43. Rh7 Be7 44. Ra6 Bxg5 45. Bb5+ Ke7 46. Re6+ Kf8 47. Rxe8+ Rxe8 48. Rh8+ Kg7 49. Rxe8 1-0

[Event "Princeton op"]
[Site "Princeton"]
[Date "2025.04.18"]
[Round "4"]
[White "Flom, Gabriel"]
[Black "Tanenbaum, Zachary Chen"]
[Result "1-0"]
[WhiteElo "2452"]
[BlackElo "2330"]
[PlyCount "119"]
[EventDate "2025.04.16"]
[EventType "swiss"]
[EventRounds "9"]
[EventCountry "USA"]
[SourceTitle "CB17_2025"]
[SourceDate "2025.04.23"]
[SourceVersion "1"]
[SourceVersionDate "2025.04.23"]
[SourceQuality "1"]

1. d4 d5 2. c4 e6 3. Nc3 c5 4. cxd5 cxd4 5. Qa4+ Bd7 6. Qxd4 exd5 7. Qxd5 Nf6 8. Qd1 Bc5 9. Nf3 0-0 10. e3 Qe7 11. Be2 Rd8 12. 0-0 Nc6 13. Qc2 Nb4 14. Qb1 Bc6 15. a3 Nbd5 16. Qc2 Nxc3 17. Qxc3 Ne4 18. Qe5 Qd7 19. Nd4 Bxd4 20. Qxd4 Qf5 21. Qb4 a5 22. Qb6 Nc5 23. e4 Nxe4 24. Be3 Ng5 25. Rfd1 Re8 26. Rac1 Qe4 27. Bf1 Nh3+ 28. Kh1 Qg4 29. Qd4 Re4 30. Qd2 Qe6 31. Rxc6 Qxc6 32. Rc1 Qf6 33. gxh3 Rd8 34. Qe2 Rde8 35. Bg2 R4e7 36. Qb5 h6 37. a4 Kh7 38. Bxb7 Rb8 39. Qd3+ Kg8 40. Be4 Rbe8 41. Bg2 Qxb2 42. Qc3 Qxc3 43. Rxc3 Rb8 44. Bf1 f5 45. Bb5 Re4 46. Kg2 Rh4 47. f4 Rf8 48. Kg3 g5 49. Rc7 Rb8 50. fxg5 Re4 51. Kf3 hxg5 52. Bxg5 Rb6 53. h4 Rd6 54. h5 Rg4 55. h4 Rb4 56. Bc4+ Kh8 57. Be7 Rbb6 58. Bxd6 Rxd6 59. Kf4 Rd7 60. Rc5 1-0

[Event "Princeton op"]
[Site "Princeton"]
[Date "2025.04.17"]
[Round "3"]
[White "Tanenbaum, Zachary Chen"]
[Black "Burke, John M"]
[Result "1-0"]
[WhiteElo "2330"]
[BlackElo "2583"]
[PlyCount "99"]
[EventDate "2025.04.16"]
[EventType "swiss"]
[EventRounds "9"]
[EventCountry "USA"]
[SourceTitle "CB17_2025"]
[SourceDate "2025.04.23"]
[SourceVersion "1"]
[SourceVersionDate "2025.04.23"]
[SourceQuality "1"]

1. e4 c5 2. Nf3 d6 3. d4 cxd4 4. Nxd4 Nf6 5. Nc3 a6 6. Be3 e5 7. Nb3 Be6 8. h3 Be7 9. Qf3 0-0 10. 0-0-0 b5 11. g4 b4 12. Nd5 Nxd5 13. exd5 Bc8 14. Kb1 a5 15. Nd2 a4 16. Bd3 Nd7 17. g5 Qc7 18. Rhg1 Ba6 19. Ne4 b3 20. cxb3 axb3 21. axb3 Rfc8 22. Nc3 Qa5 23. Na4 Bxd3+ 24. Rxd3 Rcb8 25. Rc1 g6 26. Qg4 Rb7 27. h4 Rab8 28. Bd2 Qa8 29. Rdc3 Nf8 30. Qc4 Rb4 31. Qc6 Qa7 32. Be3 Qa5 33. Qc7 Bd8 34. Qxa5 Bxa5 35. Rc8 Rxb3 36. Rxb8 Rxb8 37. Rc6 Rb4 38. Nc3 Rxh4 39. Rxd6 Kg7 40. Kc2 Rg4 41. Kd3 Rb4 42. Ra6 Bd8 43. Ra8 Bb6 44. Rb8 Bc5 45. Rxb4 Bxb4 46. Ne4 Nd7 47. Kc4 Be1 48. Kb5 Kf8 49. Nc5 Ke8 50. Nd3 1-0

[Event "Budapest One Week GM-B 03"]
[Site "Budapest"]
[Date "2025.03.22"]
[Round "9"]
[White "Tanenbaum, Zachary Chen"]
[Black "Nemeth, Zalan"]
[Result "1-0"]
[WhiteElo "2306"]
[BlackElo "2341"]
[PlyCount "73"]
[EventDate "2025.03.17"]
[EventType "tourn"]
[EventRounds "9"]
[EventCountry "HUN"]
[EventCategory "6"]
[SourceTitle "CB13_2025"]
[SourceDate "2025.03.26"]
[SourceVersion "1"]
[SourceVersionDate "2025.03.26"]
[SourceQuality "1"]

1. e4 c5 2. Nf3 d6 3. d4 cxd4 4. Nxd4 Nf6 5. Nc3 a6 6. Be3 Ng4 7. Bg5 h6 8. Bh4 g5 9. Bg3 Bg7 10. Qd2 Nc6 11. Nb3 Be6 12. h4 gxh4 13. Bxh4 Rc8 14. f3 Nge5 15. Nd5 Ng6 16. 0-0-0 Nxh4 17. Rxh4 Ne5 18. f4 Nc4 19. Bxc4 Rxc4 20. Qe2 Bxd5 21. exd5 Qc7 22. g3 b5 23. Kb1 a5 24. c3 0-0 25. Nd2 Rxc3 26. bxc3 Qxc3 27. Nb3 a4 28. Rd3 Qc4 29. f5 axb3 30. Rxc4 bxc4 31. Rf3 Ra8 32. f6 bxa2+ 33. Ka1 Bxf6+ 34. Rxf6 exf6 35. Qxc4 Ra3 36. Qg4+ Kf8 37. Qd7 1-0

[Event "Budapest One Week GM-B 03"]
[Site "Budapest"]
[Date "2025.03.21"]
[Round "8"]
[White "Dudognon, Thibault"]
[Black "Tanenbaum, Zachary Chen"]
[Result "0-1"]
[WhiteElo "2429"]
[BlackElo "2306"]
[PlyCount "98"]
[EventDate "2025.03.17"]
[EventType "tourn"]
[EventRounds "9"]
[EventCountry "HUN"]
[EventCategory "6"]
[SourceTitle "CB13_2025"]
[SourceDate "2025.03.26"]
[SourceVersion "1"]
[SourceVersionDate "2025.03.26"]
[SourceQuality "1"]

1. e4 e5 2. Nf3 Nc6 3. Bb5 a6 4. Bxc6 dxc6 5. Nc3 f6 6. d4 exd4 7. Qxd4 Qxd4 8. Nxd4 Bd7 9. h4 0-0-0 10. f3 Bd6 11. Nde2 Ne7 12. Bf4 Ng6 13. Bxd6 cxd6 14. 0-0-0 Kc7 15. h5 Ne5 16. h6 g6 17. Nf4 Rhf8 18. b3 g5 19. Nh5 f5 20. exf5 Bxf5 21. Ng7 Rf6 22. Rh5 Nf7 23. Re1 Kd7 24. Rhh1 Bg6 25. Na4 b5 26. Nc3 Rg8 27. Rd1 Kc8 28. Rd4 d5 29. Rg4 Nxh6 30. Rxh6 Rxg7 31. Rxg5 Re7 32. b4 Rf4 33. a3 Rc4 34. Kd2 Rd4+ 35. Kc1 Re3 36. Nb1 Re1+ 37. Kb2 Rdd1 38. Nc3 Rc1 39. Rhxg6 hxg6 40. Ne2 Rb1+ 41. Ka2 Rbd1 42. Nc3 Ra1+ 43. Kb3 d4 44. Rxg6 dxc3 45. Rxc6+ Kb7 46. Rc5 Re3 47. Rxc3 Rxa3+ 48. Kxa3 Rxc3+ 49. Kb2 Rc7 0-1

[Event "New York President's Day IM-C"]
[Site "New York"]
[Date "2025.02.16"]
[Round "5"]
[White "Tanenbaum, Zachary Chen"]
[Black "Golubka, Petr"]
[Result "1-0"]
[WhiteElo "2302"]
[BlackElo "2361"]
[PlyCount "95"]
[EventDate "2025.02.14"]
[EventType "tourn"]
[EventRounds "9"]
[EventCountry "USA"]
[SourceTitle "CB08_2025"]
[SourceDate "2025.02.19"]
[SourceVersion "1"]
[SourceVersionDate "2025.02.19"]
[SourceQuality "1"]

1. e4 c5 2. Nf3 d6 3. d4 cxd4 4. Nxd4 Nf6 5. Nc3 g6 6. Be3 Bg7 7. f3 Nc6 8. Qd2 0-0 9. g4 Be6 10. Nxe6 fxe6 11. 0-0-0 Ne5 12. Be2 Rc8 13. Nb5 a6 14. Nd4 Qd7 15. Kb1 Nc4 16. Bxc4 Rxc4 17. h4 Rfc8 18. c3 b5 19. Rc1 e5 20. Nb3 Qe6 21. h5 Kf7 22. Qd3 d5 23. Nd2 d4 24. hxg6+ hxg6 25. cxd4 Rxc1+ 26. Rxc1 Rxc1+ 27. Kxc1 exd4 28. Bxd4 Qxa2 29. Nb3 Bh6+ 30. Kc2 Bf4 31. Bc3 Kg7 32. e5 Ng8 33. e6+ Kh6 34. Qd4 Kg5 35. Qd8 b4 36. Bxb4 Qa4 37. Bc3 Qc6 38. Qxg8 Qxf3 39. Nd2 Qxg4 40. Qf7 Qf5+ 41. Qxf5+ Kxf5 42. Nb3 g5 43. Kd3 Kxe6 44. Nc5+ Kd5 45. Nxa6 e5 46. Nb4+ Kc5 47. Ke4 Kc4 48. Nd3 1-0

[Event "New York President's Day IM-C"]
[Site "New York"]
[Date "2025.02.14"]
[Round "2"]
[White "Pang, Qi"]
[Black "Tanenbaum, Zachary Chen"]
[Result "1-0"]
[WhiteElo "2228"]
[BlackElo "2302"]
[PlyCount "113"]
[EventDate "2025.02.14"]
[EventType "tourn"]
[EventRounds "9"]
[EventCountry "USA"]
[SourceTitle "CB08_2025"]
[SourceDate "2025.02.19"]
[SourceVersion "1"]
[SourceVersionDate "2025.02.19"]
[SourceQuality "1"]

1. d4 d5 2. Nf3 e6 3. c4 Nf6 4. g3 dxc4 5. Bg2 Nc6 6. Qa4 Bb4+ 7. Bd2 Nd5 8. Qc2 Nb6 9. Bxb4 Nxb4 10. Qd2 Nc6 11. 0-0 0-0 12. Rd1 Qe7 13. Qc3 Rd8 14. Na3 e5 15. dxe5 Be6 16. Nb5 Bd5 17. Qe3 Na4 18. b3 Nb6 19. Rac1 cxb3 20. axb3 a6 21. Nbd4 Nxd4 22. Nxd4 g6 23. e6 Bxg2 24. Kxg2 Rd6 25. Qf3 c6 26. exf7+ Kg7 27. Qc3 Rf6 28. Nf3 Nd5 29. Qd3 Qxf7 30. e4 Rf8 31. Qd4 Nc7 32. Ng5 Qe7 33. f4 Ne6 34. Qd7 Qxd7 35. Rxd7+ Kg8 36. Nxh7 R6f7 37. Nxf8 Rxf8 38. Rxb7 Nd4 39. Rd1 c5 40. Rc7 Nxb3 41. Rdd7 Re8 42. e5 a5 43. Rg7+ Kh8 44. Rh7+ Kg8 45. Rcg7+ Kf8 46. Rb7 Kg8 47. Rhg7+ Kh8 48. Rxg6 a4 49. Ra6 Rc8 50. Rxa4 c4 51. Rxc4 Rxc4 52. Rxb3 Rc2+ 53. Kh3 Rf2 54. Rb7 Kg8 55. e6 Kh8 56. e7 Re2 57. Rb8+ 1-0

[Event "New York Blitz Fuel IM-D"]
[Site "New York"]
[Date "2025.01.20"]
[Round "9"]
[White "Kretchetov, Alexandre"]
[Black "Tanenbaum, Zachary Chen"]
[Result "1/2-1/2"]
[WhiteElo "2130"]
[BlackElo "2297"]
[PlyCount "33"]
[EventDate "2025.01.16"]
[EventType "tourn"]
[EventRounds "9"]
[EventCountry "USA"]
[SourceTitle "CB05_2025"]
[SourceDate "2025.01.29"]
[SourceVersion "1"]
[SourceVersionDate "2025.01.29"]
[SourceQuality "1"]

1. Nf3 d5 2. d4 e6 3. Bf4 Bd6 4. Bg3 Nf6 5. Nbd2 b6 6. e3 Bb7 7. Bb5+ c6 8. Bd3 Nh5 9. Bxd6 Qxd6 10. Ne5 Nf6 11. f4 a5 12. 0-0 Nbd7 13. Qf3 Qb4 14. Nb3 Qe7 15. Nd2 Qb4 16. Nb3 Qe7 17. Nd2 1/2-1/2

[Event "New York Blitz Fuel IM-D"]
[Site "New York"]
[Date "2025.01.18"]
[Round "5"]
[White "Hoffman, Luc"]
[Black "Tanenbaum, Zachary Chen"]
[Result "1/2-1/2"]
[WhiteElo "2131"]
[BlackElo "2297"]
[PlyCount "61"]
[EventDate "2025.01.16"]
[EventType "tourn"]
[EventRounds "9"]
[EventCountry "USA"]
[SourceTitle "CB05_2025"]
[SourceDate "2025.01.29"]
[SourceVersion "1"]
[SourceVersionDate "2025.01.29"]
[SourceQuality "1"]

1. e4 e5 2. Nf3 Nc6 3. Nc3 Nf6 4. Nd5 Bc5 5. c3 Nxe4 6. d4 exd4 7. Bd3 Nf6 8. Qe2+ Kf8 9. Nxf6 Qxf6 10. 0-0 d6 11. Bg5 Qe6 12. Qc2 Ne5 13. Nxe5 dxe5 14. cxd4 Bxd4 15. Qxc7 Bb6 16. Qc3 Bd7 17. Bc4 Qf5 18. Qb4+ Kg8 19. Be3 Bc6 20. Bxb6 axb6 21. Rad1 h5 22. f3 Qf4 23. Qc3 h4 24. Bd5 Rh6 25. Rfe1 Re8 26. Re4 Qf5 27. Qe3 Bxd5 28. Rxd5 Rc6 29. h3 f6 30. Rxh4 Qe6 31. Qb3 1/2-1/2

[Event "New York Blitz Fuel IM-D"]
[Site "New York"]
[Date "2025.01.17"]
[Round "3"]
[White "Ho, Carter"]
[Black "Tanenbaum, Zachary Chen"]
[Result "0-1"]
[WhiteElo "2167"]
[BlackElo "2297"]
[PlyCount "146"]
[EventDate "2025.01.16"]
[EventType "tourn"]
[EventRounds "9"]
[EventCountry "USA"]
[SourceTitle "CB05_2025"]
[SourceDate "2025.01.29"]
[SourceVersion "1"]
[SourceVersionDate "2025.01.29"]
[SourceQuality "1"]

1. e4 e5 2. Nf3 Nc6 3. Bc4 Nf6 4. d3 Be7 5. 0-0 0-0 6. Re1 d6 7. a4 Be6 8. Bxe6 fxe6 9. c3 a5 10. Qb3 Qd7 11. Nbd2 Nh5 12. Nf1 b6 13. d4 Rxf3 14. gxf3 Rf8 15. Ng3 Nf4 16. Qb5 Ng6 17. d5 exd5 18. exd5 Nh4 19. dxc6 Nxf3+ 20. Kg2 Nxe1+ 21. Kf1 Qh3+ 22. Kxe1 Qxh2 23. Be3 Bh4 24. Qd5+ Kh8 25. Kd2 Bg5 26. Ne2 Rxf2 27. Re1 Bxe3+ 28. Kxe3 h5 29. Kd3 Qh3+ 30. Kc2 Qg4 31. Qd3 Qxa4+ 32. Kb1 Qxc6 33. Qg6 Qf3 34. Ng3 Qf7 35. Qg5 Kh7 36. Ne4 Rf1 37. Rxf1 Qxf1+ 38. Ka2 Qf7+ 39. Ka1 Qf1+ 40. Ka2 Qf7+ 41. Ka1 Qg6 42. Qe3 Qf5 43. Ng3 Qg4 44. Qd3+ g6 45. Ne4 Qf4 46. Qc4 Kh6 47. Qd3 h4 48. Kb1 Qf5 49. Ka2 Kg7 50. Qe2 d5 51. Nf2 e4 52. Nd1 c5 53. Qh2 Qf6 54. Nf2 d4 55. c4 Qe6 56. Qxh4 e3 57. Nd3 e2 58. b3 Qe3 59. Ne1 a4 60. bxa4 Qd2+ 61. Kb1 Qb4+ 62. Kc1 Qxc4+ 63. Kd2 Qe6 64. Nc2 Qe5 65. Qf2 c4 66. Nxd4 e1Q+ 67. Qxe1 Qxd4+ 68. Kc2 Qd3+ 69. Kb2 c3+ 70. Ka1 Qd6 71. Qxc3+ Qf6 72. Kb2 Qxc3+ 73. Kxc3 Kf6 0-1

[Event "New York Blitz Fuel IM-D"]
[Site "New York"]
[Date "2025.01.17"]
[Round "2"]
[White "Tanenbaum, Zachary Chen"]
[Black "Das, Aditeya"]
[Result "1-0"]
[WhiteElo "2297"]
[BlackElo "2276"]
[PlyCount "55"]
[EventDate "2025.01.16"]
[EventType "tourn"]
[EventRounds "9"]
[EventCountry "USA"]
[SourceTitle "CB05_2025"]
[SourceDate "2025.01.29"]
[SourceVersion "1"]
[SourceVersionDate "2025.01.29"]
[SourceQuality "1"]

1. e4 c5 2. Nf3 d6 3. d4 cxd4 4. Nxd4 Nf6 5. Nc3 a6 6. Bg5 e6 7. f4 Qb6 8. Qd2 Qxb2 9. Rb1 Qa3 10. e5 dxe5 11. fxe5 Nfd7 12. Ne4 h6 13. Bh4 Qxa2 14. Rd1 Qd5 15. Qe3 Bc5 16. Be2 Nc6 17. Nd6+ Kf8 18. Qf4 Ncxe5 19. Be7+ Kg8 20. Nb3 Qxg2 21. Nxc5 Nxc5 22. Qxe5 Qxh1+ 23. Kf2 Qc6 24. Bh5 f5 25. Qxg7+ Kxg7 26. Rg1+ Kh7 27. Bg6+ Kg8 28. Bxf5+ 1-0

[Event "New York Fall IM-C"]
[Site "New York"]
[Date "2024.11.08"]
[Round "3"]
[White "Bortnyk, Mykola"]
[Black "Tanenbaum, Zachary Chen"]
[Result "0-1"]
[WhiteElo "2405"]
[BlackElo "2263"]
[PlyCount "70"]
[EventDate "2024.11.07"]
[EventType "tourn"]
[EventRounds "9"]
[EventCountry "USA"]
[SourceTitle "CB45_2024"]
[Source "ChessBase"]
[SourceDate "2024.11.06"]
[SourceVersion "1"]
[SourceVersionDate "2024.11.06"]
[SourceQuality "1"]

1. d4 d5 2. Nc3 Nf6 3. Bg5 Bf5 4. f3 Nbd7 5. g4 Bg6 6. Nh3 h6 7. Bh4 Bh7 8. e3 e6 9. Bd3 Bxd3 10. Qxd3 c5 11. 0-0-0 c4 12. Qe2 b5 13. e4 Be7 14. exd5 Nxd5 15. Nxd5 Bxh4 16. Kb1 0-0 17. Ndf4 c3 18. Rhg1 Rb8 19. d5 e5 20. Nd3 cxb2 21. Nxb2 Nb6 22. g5 hxg5 23. Qxb5 Qc8 24. Rg4 Nxd5 25. Rxd5 Rxb5 26. Rxb5 Qc3 27. Nd3 Qc6 28. Rbb4 Qxf3 29. Nxg5 Qd1+ 30. Kb2 a5 31. Rbc4 Rb8+ 32. Ka3 Bxg5 33. Rxg5 e4 34. Rxe4 Qxc2 35. Nc5 Qc1+ 0-1

[Event "Julius Baer GenCup Pl/In"]
[Site "Chess.com INT"]
[Date "2024.09.25"]
[Round "2"]
[White "Drygalov, Sergey"]
[Black "Tanenbaum, Zachary Chen"]
[Result "1-0"]
[WhiteElo "2542"]
[BlackElo "2260"]
[PlyCount "89"]
[EventDate "2024.09.25"]
[EventType "swiss (rapid)"]
[EventRounds "9"]
[EventCountry "GER"]
[SourceTitle "EXT 2025"]
[Source "ChessBase"]
[SourceDate "2024.10.14"]
[SourceVersion "1"]
[SourceVersionDate "2024.10.14"]
[SourceQuality "1"]

1. d4 d5 2. c4 e6 3. Nf3 a6 4. cxd5 exd5 5. Nc3 Nf6 6. Bg5 Be6 7. Qb3 Ra7 8. e3 Nbd7 9. Qc2 c6 10. Bd3 Bd6 11. Bf4 Qc7 12. Bxd6 Qxd6 13. h3 Ra8 14. 0-0 0-0 15. Na4 Rfe8 16. Rac1 Ne4 17. Nc5 Ndxc5 18. dxc5 Qc7 19. Bxe4 dxe4 20. Nd4 Qe5 21. Rfd1 Bd5 22. Ne2 Rad8 23. Rd4 Re7 24. Rcd1 Red7 25. Nc3 h5 26. b4 h4 27. R1d2 f5 28. Qd1 g6 29. a4 Kf7 30. b5 axb5 31. axb5 Ra8 32. Na4 Ra5 33. Nb6 Rd8 34. bxc6 bxc6 35. Qc2 Qe7 36. Nxd5 cxd5 37. Rxd5 Ra1+ 38. Kh2 Qc7+ 39. Rd6 Rxd6 40. Rxd6 Ra5 41. Qc4+ Kg7 42. Qd4+ Kh6 43. Qh8+ Kg5 44. Qf6+ Kh6 45. Qxg6# 1-0

[Event "Julius Baer GenCup Pl/In"]
[Site "Chess.com INT"]
[Date "2024.09.25"]
[Round "3"]
[White "Tanenbaum, Zachary Chen"]
[Black "Sankalp, Gupta"]
[Result "0-1"]
[WhiteElo "2260"]
[BlackElo "2534"]
[PlyCount "120"]
[EventDate "2024.09.25"]
[EventType "swiss (rapid)"]
[EventRounds "9"]
[EventCountry "GER"]
[SourceTitle "EXT 2025"]
[Source "ChessBase"]
[SourceDate "2024.10.14"]
[SourceVersion "1"]
[SourceVersionDate "2024.10.14"]
[SourceQuality "1"]

1. e4 e6 2. d4 d5 3. Nc3 Nf6 4. Bg5 Bb4 5. e5 h6 6. Bd2 Bxc3 7. bxc3 Ne4 8. Qg4 g6 9. Bd3 Nxd2 10. Kxd2 c5 11. h4 Nc6 12. Nf3 Qa5 13. Qf4 cxd4 14. Nxd4 Nxd4 15. Qxd4 Bd7 16. h5 g5 17. Rhb1 b6 18. a4 Rc8 19. Bb5 Rc7 20. Rb4 Ke7 21. f4 Rhc8 22. Ra3 g4 23. Bxd7 Kxd7 24. Rb5 Qa6 25. Qb4 Rc5 26. Rb3 Ke8 27. a5 Rc4 28. Qa3 Rxf4 29. axb6 Qxa3 30. Rxa3 axb6 31. Rxb6 Rf2+ 32. Kd3 Rxg2 33. Rb7 Rg3+ 34. Kd2 Rf3 35. Ra4 Rfxc3 36. Rxg4 Rxc2+ 37. Kd1 Kf8 38. Rf4 R2c7 39. Rb6 Rc4 40. Rf6 Kg7 41. Rb7 R8c7 42. Rb3 Rd4+ 43. Ke1 Re4+ 44. Kf2 Rxe5 45. Rbf3 Rxh5 46. Kg3 Rg5+ 47. Kh4 Rg6 48. R6f4 Rc4 49. Kh5 Rxf4 50. Rxf4 e5 51. Rf3 d4 52. Kh4 e4 53. Rf4 Re6 54. Rg4+ Kf8 55. Kh5 e3 56. Rxd4 e2 57. Rd8+ Ke7 58. Rd5 e1Q 59. Rd7+ Kxd7 60. Kg4 Qe4+ 0-1

[Event "New York Marshall Labor Day-B"]
[Site "New York"]
[Date "2024.09.01"]
[Round "7"]
[White "Tanenbaum, Zachary Chen"]
[Black "Pressman, Leif"]
[Result "1-0"]
[WhiteElo "2233"]
[BlackElo "2235"]
[PlyCount "135"]
[EventDate "2024.08.29"]
[EventType "tourn"]
[EventRounds "9"]
[EventCountry "USA"]
[SourceTitle "EXT 2025"]
[Source "ChessBase"]
[SourceDate "2024.10.14"]
[SourceVersion "1"]
[SourceVersionDate "2024.10.14"]
[SourceQuality "1"]

1. e4 e5 2. Nf3 Nc6 3. Bc4 Bc5 4. d3 Nf6 5. c3 a5 6. 0-0 d6 7. Re1 0-0 8. h3 h6 9. Bb5 Ne7 10. d4 Ba7 11. dxe5 dxe5 12. Qc2 Ng6 13. Be3 Nh5 14. Bxa7 Rxa7 15. Qd2 Qf6 16. Qe3 Ra8 17. Bf1 Nhf4 18. Kh2 b6 19. Nbd2 Bb7 20. Rad1 Rad8 21. Nc4 Rfe8 22. Kg1 Ne6 23. Nh2 Qg5 24. Qxg5 Nxg5 25. f3 Ne6 26. Ng4 f6 27. Nce3 h5 28. Nh2 Kf8 29. Bc4 Ngf4 30. h4 Nc5 31. g3 Ng6 32. b4 axb4 33. cxb4 Ne6 34. Rxd8 Nxd8 35. Rd1 Nc6 36. Nd5 Rd8 37. Rc1 Nd4 38. Nxc7 Rc8 39. Bf1 Ne7 40. Kf2 g6 41. Rc3 f5 42. Ke3 fxe4 43. fxe4 Bc6 44. Nd5 Bxd5 45. Rxc8+ Nxc8 46. exd5 Nc2+ 47. Ke4 Nxb4 48. Kxe5 Nxa2 49. d6 Ke8 50. Bd3 Kd7 51. Bb5+ Kd8 52. Nf3 Nc3 53. Bf1 b5 54. Nd4 b4 55. Ke6 Nxd6 56. Kxd6 Ne4+ 57. Ke6 Nxg3 58. Bd3 Kc7 59. Bxg6 Kb6 60. Ke5 Kc5 61. Nf5 Nxf5 62. Kxf5 Kd6 63. Kf6 Kd7 64. Bxh5 b3 65. Bg6 b2 66. h5 b1R 67. Bxb1 Ke8 68. Kg7 1-0

[Event "Titled Tuesday intern op 20th Aug Late"]
[Site "Chess.com INT"]
[Date "2024.08.20"]
[Round "8"]
[White "Goltsev, Dmitry"]
[Black "Tanenbaum, Zachary Chen"]
[Result "0-1"]
[WhiteElo "2215"]
[BlackElo "2233"]
[PlyCount "50"]
[EventDate "2024.08.20"]
[EventType "swiss (blitz)"]
[EventRounds "11"]
[EventCountry "USA"]
[SourceTitle "EXT 2025"]
[Source "ChessBase"]
[SourceDate "2024.10.14"]
[SourceVersion "1"]
[SourceVersionDate "2024.10.14"]
[SourceQuality "1"]

1. e4 e5 2. Nf3 Nc6 3. Bb5 f5 4. d4 fxe4 5. Bxc6 dxc6 6. Nxe5 Nf6 7. 0-0 Bd6 8. Nc3 0-0 9. Qe2 Qe8 10. Nxe4 Bxe5 11. dxe5 Qxe5 12. Nxf6+ Qxf6 13. Be3 Qg6 14. Kh1 Bf5 15. Rac1 Rae8 16. Rfd1 Bg4 17. Qc4+ Be6 18. Qd4 Bd5 19. Rg1 Re4 20. Qxa7 Rg4 21. f3 Rxf3 22. Rce1 Rxg2 23. Qb8+ Rf8 24. Qxf8+ Kxf8 25. Bc5+ Kg8 0-1

[Event "Titled Tuesday intern op 20th Aug Late"]
[Site "Chess.com INT"]
[Date "2024.08.20"]
[Round "4"]
[White "Shirov, Alexei"]
[Black "Tanenbaum, Zachary Chen"]
[Result "1-0"]
[WhiteElo "2665"]
[BlackElo "2233"]
[PlyCount "95"]
[EventDate "2024.08.20"]
[EventType "swiss (blitz)"]
[EventRounds "11"]
[EventCountry "USA"]
[SourceTitle "EXT 2025"]
[Source "ChessBase"]
[SourceDate "2024.10.14"]
[SourceVersion "1"]
[SourceVersionDate "2024.10.14"]
[SourceQuality "1"]

1. e4 e5 2. Nf3 Nc6 3. Bb5 f5 4. Nc3 fxe4 5. Nxe4 Nf6 6. Qe2 d5 7. Nxf6+ gxf6 8. d4 e4 9. Nh4 Be6 10. Qh5+ Kd7 11. f3 Qe8 12. Qxe8+ Rxe8 13. fxe4 dxe4 14. Be3 a6 15. Ba4 b5 16. Bb3 Nb4 17. 0-0-0 Bxb3 18. axb3 Nd5 19. Kd2 Nxe3 20. Kxe3 Bh6+ 21. Ke2 Bg5 22. Nf5 Rhg8 23. g3 Rg6 24. Rhf1 Bh6 25. Nh4 Rg7 26. Nf5 Rg6 27. d5 Bf8 28. c3 Bc5 29. b4 Bb6 30. Rf4 Re5 31. b3 Rg5 32. g4 h5 33. h3 hxg4 34. hxg4 Rg8 35. c4 bxc4 36. bxc4 Rh8 37. c5 Rh2+ 38. Ke3 Rh3+ 39. Kd4 Ba7 40. Rxe4 Rb3 41. Rxe5 fxe5+ 42. Kxe5 Rxb4 43. c6+ Ke8 44. Rh1 Rxg4 45. Rh8+ Kf7 46. Ra8 Be3 47. Nxe3 Ra4 48. Ra7 1-0

[Event "Titled Tuesday intern op 20th Aug Late"]
[Site "Chess.com INT"]
[Date "2024.08.20"]
[Round "6"]
[White "Tanenbaum, Zachary Chen"]
[Black "Kadric, Denis"]
[Result "1/2-1/2"]
[WhiteElo "2233"]
[BlackElo "2553"]
[PlyCount "129"]
[EventDate "2024.08.20"]
[EventType "swiss (blitz)"]
[EventRounds "11"]
[EventCountry "USA"]
[SourceTitle "EXT 2025"]
[Source "ChessBase"]
[SourceDate "2024.10.14"]
[SourceVersion "1"]
[SourceVersionDate "2024.10.14"]
[SourceQuality "1"]

1. e4 d6 2. d4 Nf6 3. Nc3 Nbd7 4. Nf3 e5 5. Bc4 Be7 6. 0-0 0-0 7. a4 c6 8. Re1 exd4 9. Nxd4 Ne5 10. Ba2 Ng6 11. h3 Re8 12. Nf3 h6 13. Be3 Bf8 14. Qd3 Qa5 15. Rad1 Qh5 16. Qe2 d5 17. Nd2 Qxe2 18. Rxe2 Nxe4 19. Ncxe4 dxe4 20. Bd4 Nf4 21. Rxe4 Rxe4 22. Nxe4 Bf5 23. Re1 b6 24. Be5 Nd5 25. g4 Re8 26. gxf5 Rxe5 27. f6 g5 28. Kf1 Rf5 29. Ng3 Rxf6 30. Bxd5 cxd5 31. Re8 Rc6 32. c3 Rc4 33. Nf5 Rxa4 34. Rd8 Rf4 35. Ne7+ Kg7 36. Nxd5 Bc5 37. Nxf4 gxf4 38. Ke2 a5 39. b4 axb4 40. cxb4 Bxb4 41. Rd4 f3+ 42. Kxf3 Bc5 43. Rd5 Kf6 44. Ke4 Ke6 45. f4 Bd6 46. Rh5 Bf8 47. Rf5 f6 48. Rb5 Bc5 49. h4 Kd6 50. Kf5 Bd4 51. Kg6 Kc6 52. Rb1 b5 53. Kxh6 Be3 54. Kg6 Bxf4 55. h5 Kc5 56. h6 Bxh6 57. Kxh6 b4 58. Kg6 Kc4 59. Kf5 b3 60. Ke4 Kc3 61. Rc1+ Kd2 62. Rb1 Kc2 63. Rxb3 Kxb3 64. Kf5 Kc2 65. Kxf6 1/2-1/2

[Event "Titled Tuesday intern op 20th Aug Late"]
[Site "Chess.com INT"]
[Date "2024.08.20"]
[Round "10"]
[White "Tanenbaum, Zachary Chen"]
[Black "Schulz, Karsten"]
[Result "1-0"]
[WhiteElo "2233"]
[BlackElo "2166"]
[PlyCount "125"]
[EventDate "2024.08.20"]
[EventType "swiss (blitz)"]
[EventRounds "11"]
[EventCountry "USA"]
[SourceTitle "EXT 2025"]
[Source "ChessBase"]
[SourceDate "2024.10.14"]
[SourceVersion "1"]
[SourceVersionDate "2024.10.14"]
[SourceQuality "1"]

1. e4 d6 2. d4 Nf6 3. Nc3 e5 4. Nf3 Nbd7 5. Bc4 Be7 6. 0-0 0-0 7. a4 c6 8. Re1 a5 9. h3 exd4 10. Qxd4 Nc5 11. Bf4 Ne6 12. Bxe6 Bxe6 13. Rad1 d5 14. Qe3 Re8 15. exd5 Nxd5 16. Nxd5 cxd5 17. Nd4 Bd7 18. Qg3 Bf6 19. Be5 Rxe5 20. Rxe5 Bxe5 21. Qxe5 Bxa4 22. Nf5 Qf6 23. Ne7+ Kf8 24. Qxf6 gxf6 25. Nxd5 Bxc2 26. Rc1 Bb3 27. Nxf6 Kg7 28. Nd7 b5 29. Rc3 a4 30. Rg3+ Kh8 31. Nc5 Bd5 32. Rg4 Rc8 33. Nd3 Bc4 34. Ne5 Be6 35. Rb4 Rc5 36. f4 f6 37. Nf3 Bd5 38. Nd4 Rc4 39. Rxc4 Bxc4 40. Nc6 Kg7 41. Kf2 Kf7 42. Nb4 Ke6 43. Ke3 Bf1 44. Kf2 Bc4 45. g4 h6 46. Ke3 Bf1 47. h4 Bc4 48. Kd4 Be2 49. g5 fxg5 50. fxg5 hxg5 51. hxg5 Kf5 52. Kc5 Kxg5 53. Nc6 Kf6 54. Nd4 Bd3 55. Nxb5 Bc2 56. Nd4 Bd1 57. Kd6 Kf7 58. Nb5 Ke8 59. Nc3 Bb3 60. Kc7 Ke7 61. Ne4 Ke6 62. Nc5+ Kd5 63. Nxb3 1-0